| 000 | 01251nam a2200325 i 4500 | ||
|---|---|---|---|
| 003 | DO-SdBNP | ||
| 005 | 20250908082813.0 | ||
| 007 | ta | ||
| 008 | 250410b2024 dr ||||| |||| 00| 0 spa d | ||
| 020 | _a9789945516005 | ||
| 040 |
_aDO-SdBNP _bspa _cBNPHU _erda |
||
| 041 | _aspa | ||
| 082 | 4 |
_aRD863.5 _bJ58m _222 |
|
| 100 | 1 |
_aJesús de Féliz, Milagros de, _eautor _4aut. _987239 |
|
| 245 | 1 | 3 |
_aMe gustaría contarte / _cMilagro de Jesús de Féliz ; revisión de los textos, Rosa Ruiz ; corrección y edición, Piero Espinal Estévez ; diseño de portada, Bryan Perozo. |
| 250 | _aPrimera edición | ||
| 264 | 4 |
_aSan José de las Matas, República Dominicana : _bEditorial Opus, _c©2024. |
|
| 300 |
_a539 páginas : _c23 cm. |
||
| 336 |
_atexto _btxt _2rdacontent |
||
| 337 |
_asin mediación _bn _2rdamedia |
||
| 338 |
_avolumen _bnc _2rdacarrier |
||
| 500 | _aIncluye datos biográficos de la autora en las solapas | ||
| 590 | _aInventariado 2025 /LP | ||
| 650 | 7 |
_aCuentos dominicanos _2LEMB |
|
| 650 | 7 |
_aLiteratura dominicana _2LEMB |
|
| 700 | 1 |
_aEspinal Estévez, Piero, _ecorrector, editor _4corr. ed. _93550 |
|
| 700 | 1 |
_aPerozo, Bryan, _ediseñador _4di. _988593 |
|
| 910 | _aLP/Validado. Control de calidad MFF | ||
| 942 |
_2ddc _cLBS1 |
||
| 999 |
_c58469 _d58469 |
||